Animal Group Names - Statistics

General Stats
  • This quiz has been taken 40 times
  • The average score is 12 of 23
Answer Stats
Group of Name % Correct
Birds Flock
100%
Crows Murder
100%
Fish School or Shoal
100%
Dogs Pack
95%
Lions Pride
95%
Dolphins Pod
84%
Elk Herd
74%
Whales Pod
68%
Frogs Army
58%
Rhinos Crash
53%
Owls Parliament
47%
Bears Sleuth
42%
Ravens Unkindness
42%
Hedgehogs Array
37%
Geese Gaggle
37%
Baboons Troop
37%
Ferrets Business
26%
Eagles Convocation
26%
Kittens Kindle
26%
Foxes Skulk
21%
Tigers Streak
21%
Pelicans Convent
11%
Chickens Peep
5%
No matching quizzes found
Score Distribution
Percent of People with Each Score
Percentile by Number Answered
Your Score History
You have not taken this quiz